| 000 | 00442nam a2200157Ia 4500 | ||
|---|---|---|---|
| 999 |
_c18704 _d18704 |
||
| 003 | OSt | ||
| 005 | 20200608113218.0 | ||
| 008 | 190216s9999||||xx |||||||||||||| ||und|| | ||
| 040 | _coclc | ||
| 082 |
_a342.5409 _bMEN/T |
||
| 100 |
_aMenon, V P _92606 |
||
| 245 | 4 |
_aThe Transfer Of Power In India / _cV P Menon |
|
| 260 |
_bS Naggin&Co., _c1985. |
||
| 300 | _a558p | ||
| 942 |
_cBK _2ddc _h342.5409 _iMEN/T _k342.5409 _mMEN/T |
||